| 000 | 00404pab a2200145 454500 | ||
|---|---|---|---|
| 008 | 180718b1985 xxu||||| |||| 00| 0 eng d | ||
| 100 | _aGurdon, Michal A. | ||
| 245 | _aThe amergence of co - determination in Australian government employment | ||
| 260 | _c1985 | ||
| 300 | _a465-78 | ||
| 362 | _aJuly-Aug. | ||
| 650 | _aCivil Service - Australia | ||
| 773 | _aInternational Labour Review | ||
| 909 | _a5740 | ||
| 999 |
_c5740 _d5740 |
||